01292cam a22002775a 45000010009000000050017000090080041000260200018000670400033000850820021001181000021001392450118001602600055002783000034003334900077003675040051004445200218004956500042007136500040007556510010007956530025008057000031008309420008008619990017008699520128008861791176520161215123613.0131021t2014 paua frb 001 0 eng d a9781466649958 aDLCbengcDLCdDLCdEG-ScBUE04222a338.927bGHO1 aGhosh, Nilanjan.10aSustainability science for social, economic, and environmental development /cNilanjan Ghosh, Anandajit Goswami,. aHershey :bInformation Science Reference,cc.2014. axix, 324 p. :bill. ;c29 cm.0 aPractice, progress, and proficiency in sustainability (PPPS) book series aIncludes bibliographical references and index. a"This book investigates the role of sustainability in the everyday lives of ordinary citizens, including issues of economy, social interaction, exploitation of natural resources, and sources of renewable energy"-- 7aSustainable development.2BUEsh93569 7aEconomic development.2BUEsh910495 2BUEsh bBUSECOcDecember20161 aGoswami, Anandajit,d1980- 2ddc c23583d23555 00102ddc40708BaccahaMAINbMAINc1STd2016-12-15ePurchaseg1090.00l0o338.927 GHOp000040448r2025-07-15 00:00:00yBB